|
|
|
|
| LEADER |
00730cam a2200217 7i4500 |
| 001 |
0000010148 |
| 005 |
20250709090000.0 |
| 008 |
080703 eng |
| 020 |
|
|
|a 0749418737
|
| 040 |
|
|
|a UMS
|
| 090 |
0 |
0 |
|a LB2326.3
|b .R47 1996
|
| 245 |
0 |
0 |
|a Research skills for students
|c Brian Allison...[et al.].
|
| 260 |
|
|
|a London:
|b Kogan Page,
|c 1996.
|
| 300 |
|
|
|a xii, 124 p.:
|b ill.;
|c 22 cm.
|
| 490 |
0 |
|
|a The transferable and learning skills series
|
| 504 |
|
|
|a Includes bibliographical references
|
| 650 |
0 |
0 |
|a Universities and colleges --
|x Graduate work
|
| 650 |
0 |
0 |
|a Research --
|x Methodology
|
| 650 |
0 |
0 |
|a Study skills
|
| 700 |
1 |
|
|a Allison, Brian
|
| 999 |
|
|
|a 0000001129
|b BOK
|c OPEN SHELF
|e 1st Floor, Bestari Jaya
|